| 000 | 00363nam a2200133Ia 4500 | ||
|---|---|---|---|
| 008 | 150202s9999 xx 000 0 und d | ||
| 020 | _a515109746 | ||
| 050 |
_aFIC _bFIC |
||
| 100 | _aCoulter, Catherine. | ||
| 245 | 4 |
_aThe hellion bride / _cCatherine Coulter. |
|
| 260 |
_aNew York : _bJove Books, _c1992. |
||
| 300 |
_a378 pages : _c18 cm. |
||
| 650 | _aFiction. | ||
| 999 |
_c282074 _d282074 |
||